[Event "Amager Aabne CC-ch"]
[Site "Amager"]
[Date "2012.01.10"]
[Round "1"]
[White "Wieth Klitgaard, Peter"]
[Black "Lunding, Peter M"]
[Result "1/2-1/2"]
[WhiteElo "2028"]
[BlackElo "1945"]
[PlyCount "26"]
[EventDate "2012.01.10"]
[EventType "swiss"]
[EventRounds "7"]
[EventCountry "DEN"]
[SourceTitle "EXT 2023"]
[Source "ChessBase"]
[SourceDate "2022.10.05"]
[SourceVersion "1"]
[SourceVersionDate "2022.10.05"]
[SourceQuality "1"]

1. c4 c6 2. e4 e6 3. Nc3 d5 4. cxd5 exd5 5. exd5 cxd5 6. Bb5+ Nc6 7. Qa4 Nge7 8. Nf3 Bd7 9. 0-0 a6 10. Bxc6 Bxc6 11. Qd4 f6 12. Re1 Qd7 13. b4 Kf7 1/2-1/2

[Event "Amager Spring A"]
[Site "Amager"]
[Date "2011.06.07"]
[Round "5"]
[White "Wieth Klitgaard, Peter"]
[Black "Varming, Thomas"]
[Result "1-0"]
[WhiteElo "2061"]
[BlackElo "1782"]
[PlyCount "55"]
[EventDate "2011.05.10"]
[EventType "tourn"]
[EventRounds "5"]
[EventCountry "DEN"]
[SourceTitle "EXT 2023"]
[Source "ChessBase"]
[SourceDate "2022.10.05"]
[SourceVersion "1"]
[SourceVersionDate "2022.10.05"]
[SourceQuality "1"]

1. e4 e5 2. Nf3 Nc6 3. Bc4 Nf6 4. d3 Bc5 5. c3 0-0 6. Bb3 h6 7. h3 d5 8. Qe2 Be6 9. Nbd2 Re8 10. Nf1 Qd7 11. g4 dxe4 12. dxe4 Rad8 13. Bc2 Nh7 14. g5 hxg5 15. Nxg5 Nxg5 16. Bxg5 f6 17. Be3 Bf8 18. Ng3 Na5 19. Nh5 Qf7 20. Rg1 Kh7 21. f4 Nc4 22. Bc1 g6 23. f5 gxf5 24. exf5 Bd5 25. Rg6 Rd6 26. Nxf6+ Rxf6 27. Qh5+ Bh6 28. Qxh6# 1-0